[Event "POR-ch U18"]
[Site "Luso"]
[Date "2018.03.28"]
[Round "7"]
[White "Sousa, Hugo Carneiro"]
[Black "Soares, Joao Diogo Pedreiro"]
[Result "1/2-1/2"]
[WhiteElo "1916"]
[BlackElo "1895"]
[PlyCount "65"]
[EventDate "2018.03.24"]
[EventType "swiss"]
[EventRounds "7"]
[EventCountry "POR"]
[SourceTitle "EXT 2019"]
[Source "ChessBase"]
[SourceDate "2018.10.10"]
[SourceVersion "1"]
[SourceVersionDate "2018.10.10"]
[SourceQuality "1"]

1. e4 e5 2. Nf3 Nc6 3. Bc4 Be7 4. d3 Nf6 5. 0-0 0-0 6. Nbd2 d6 7. Bb3 Na5 8. Ba4 c5 9. c3 a6 10. Nb3 Nc6 11. Bxc6 bxc6 12. Qc2 Qc7 13. Re1 Nh5 14. Bd2 f5 15. Bg5 fxe4 16. dxe4 Rxf3 17. Bxe7 Qxe7 18. gxf3 Bh3 19. Kh1 Rf8 20. Nd2 Qh4 21. Nf1 Rxf3 22. Ng3 Nf4 23. Rg1 g6 24. Rad1 c4 25. Rd2 Qf6 26. Qa4 Qe6 27. Qxa6 Nd3 28. Qb6 Qf7 29. Qd8+ Qf8 30. Qxf8+ Kxf8 31. Rg2 Nf4 32. Rg1 Nd3 33. Rg2 1/2-1/2